| 000 | 01165nam a2200349 i 4500 | ||
|---|---|---|---|
| 003 | EG-ScBuE | ||
| 005 | 20230601102547.0 | ||
| 008 | 150827t1990 n a|||fr|||| 001 0 eng d | ||
| 020 | _a9780071202411 | ||
| 020 | _a0071202412 | ||
| 040 |
_aEG-ScBuE _beng _erda _cEG-ScBuE _dEG-ScBuE |
||
| 082 | 0 | 4 |
_a729.2 _bTIM _222 |
| 245 | 1 | 0 |
_aTime-saver standards for building types / _cedited by Joseph De Chiara and Michael J.Crosbie. |
| 250 | _aThird edition. | ||
| 250 | _aInternational edition. | ||
| 264 | 1 |
_aNew York : _bMcGraw-Hill, _c[1990] |
|
| 264 | 4 | _cc1990 | |
| 300 |
_axvii, 1413 pages : _billustrations ; _c29 cm |
||
| 336 |
_2rdacontent _atext _btxt |
||
| 337 |
_2rdamedia _aunmediated _bn |
||
| 338 |
_2rdacarrier _avolume _bnc |
||
| 504 | _aIncludes bibliographical references and index. | ||
| 590 | _ayassmeen ashraf | ||
| 650 | 7 |
_aModular coordination (Architecture) _2BUEsh _929031 |
|
| 650 | 7 |
_aBuilding materials _xStandards. _2BUEsh _929032 |
|
| 651 | _2BUEsh | ||
| 653 |
_bENGGEN _cAugust2015 |
||
| 655 | _vReading book | ||
| 700 | 1 |
_aDe Chiara, Joseph _d1929- _eeditor. |
|
| 700 | 1 |
_aCrosbie, Michael J. _eeditor. |
|
| 942 |
_cBB _k729.2 TIM _2ddc |
||
| 999 |
_c2869 _d2869 |
||